[Event "Blitz 2018"]
[Site "Saint-Petersburg"]
[Date "2018.12.30"]
[Round "15"]
[Board "54"]
[White "Riazantsev Alexander (RUS)"]
[Black "Anisimov Pavel (RUS)"]
[Result "1-0"]
[LiveChessVersion "1.4.8"]
[BlackElo "2519"]
[WhiteElo "2633"]

1. d4 {[%clk 0:03:03]} d5 {[%clk 0:03:04]} 2. c4 {[%clk 0:03:03]} dxc4
{[%clk 0:03:05]} 3. e3 {[%clk 0:03:04]} a6 {[%clk 0:03:04]} 4. Bxc4
{[%clk 0:03:03]} Nf6 {[%clk 0:03:05]} 5. Nf3 {[%clk 0:03:01]} e6 {[%clk 0:03:06]}
6. O-O {[%clk 0:03:00]} c5 {[%clk 0:03:07]} 7. Qe2 {[%clk 0:03:00]} Nbd7
{[%clk 0:02:54]} 8. Rd1 {[%clk 0:02:55]} b5 {[%clk 0:02:50]} 9. Bd3
{[%clk 0:02:56]} Bb7 {[%clk 0:02:39]} 10. a4 {[%clk 0:02:57]} bxa4
{[%clk 0:02:31]} 11. Rxa4 {[%clk 0:02:55]} cxd4 {[%clk 0:02:22]} 12. exd4
{[%clk 0:02:06]} Qb6 {[%clk 0:02:03]} 13. Nc3 {[%clk 0:01:58]} Be7
{[%clk 0:01:23]} 14. Bg5 {[%clk 0:01:49]} O-O {[%clk 0:01:09]} 15. d5
{[%clk 0:01:51]} Nc5 {[%clk 0:01:03]} 16. Rh4 {[%clk 0:01:22]} Nxd3
{[%clk 0:00:45]} 17. Qxd3 {[%clk 0:01:23]} g6 {[%clk 0:00:39]} 18. d6
{[%clk 0:00:57]} Rfd8 {[%clk 0:00:33]} 19. Rd4 {[%clk 0:00:55]} Bxf3
{[%clk 0:00:22]} 20. gxf3 {[%clk 0:00:50]} e5 {[%clk 0:00:20]} 21. Bxf6
{[%clk 0:00:27]} Bxf6 22. Rd5 Rd7 {[%clk 0:00:17]} 23. Ne4 {[%clk 0:00:29]} Bg7
24. Nc5 Rdd8 25. d7 Ra7 {[%clk 0:00:14]} 26. b3 {[%clk 0:00:32]} a5
{[%clk 0:00:15]} 27. Ne4 {[%clk 0:00:24]} Qe6 {[%clk 0:00:13]} 28. Kg2
{[%clk 0:00:24]} Bf8 {[%clk 0:00:11]} 29. Ng5 {[%clk 0:00:22]} Qf6
{[%clk 0:00:11]} 30. Ne4 {[%clk 0:00:23]} Qe6 {[%clk 0:00:11]} 31. Qb5
{[%clk 0:00:24]} Bg7 {[%clk 0:00:07]} 32. Rd6 {[%clk 0:00:22]} Qe7
{[%clk 0:00:07]} 33. Qd5 {[%clk 0:00:23]} h6 {[%clk 0:00:07]} 34. Nc5
{[%clk 0:00:20]} Kh7 {[%clk 0:00:06]} 35. Nb7 {[%clk 0:00:21]} Rxb7
{[%clk 0:00:07]} 36. Qxb7 {[%clk 0:00:22]} Qg5+ {[%clk 0:00:08]} 37. Kf1
{[%clk 0:00:23]} Qf5 {[%clk 0:00:08]} 38. Qe4 {[%clk 0:00:23]} Qh3+ 39. Kg1 Qh5
{[%clk 0:00:08]} 40. Qg4 {[%clk 0:00:25]} Qxg4+ {[%clk 0:00:06]} 41. fxg4
{[%clk 0:00:26]} Kg8 {[%clk 0:00:07]} 42. Rc6 {[%clk 0:00:27]} Kf8
{[%clk 0:00:08]} 43. Rc8 {[%clk 0:00:27]} Ke7 {[%clk 0:00:08]} 44. Rxd8
{[%clk 0:00:28]} Kxd8 45. Rd5 e4 {[%clk 0:00:06]} 46. Kf1 {[%clk 0:00:24]} Bc3
{[%clk 0:00:03]} 47. Ke2 {[%clk 0:00:24]} Bb4 {[%clk 0:00:04]} 48. Ke3
{[%clk 0:00:25]} Be1 {[%clk 0:00:05]} 49. h3 {[%clk 0:00:25]} 1-0

[Event "Blitz 2018"]
[Site "Saint-Petersburg"]
[Date "2018.12.30"]
[Round "15"]
[Board "55"]
[White "Mchedlishvili Mikheil (GEO)"]
[Black "Dzhumagaliev Yan (RUS)"]
[Result "1/2-1/2"]
[LiveChessVersion "1.4.8"]
[BlackElo "2489"]
[WhiteElo "2607"]

1. d4 {[%clk 0:03:03]} Nf6 {[%clk 0:03:03]} 2. Bg5 {[%clk 0:03:03]} d5
{[%clk 0:03:01]} 3. e3 {[%clk 0:03:03]} c5 {[%clk 0:02:56]} 4. Bxf6
{[%clk 0:03:02]} gxf6 {[%clk 0:02:56]} 5. dxc5 {[%clk 0:03:02]} e6
{[%clk 0:02:55]} 6. Nf3 {[%clk 0:03:00]} Bxc5 {[%clk 0:02:52]} 7. Be2
{[%clk 0:03:00]} Nc6 {[%clk 0:02:46]} 8. O-O {[%clk 0:02:57]} b6 {[%clk 0:02:17]}
9. Nbd2 {[%clk 0:02:32]} Bb7 {[%clk 0:02:17]} 10. Nb3 {[%clk 0:02:22]} Be7
{[%clk 0:02:10]} 11. a4 {[%clk 0:02:18]} a6 {[%clk 0:02:04]} 12. c3
{[%clk 0:02:09]} O-O {[%clk 0:01:58]} 13. Nbd4 {[%clk 0:02:05]} Ne5
{[%clk 0:01:55]} 14. Nd2 {[%clk 0:02:03]} f5 {[%clk 0:01:43]} 15. f4
{[%clk 0:01:53]} Nd7 {[%clk 0:01:43]} 16. Bd3 {[%clk 0:01:51]} Nc5
{[%clk 0:01:40]} 17. Bc2 {[%clk 0:01:50]} Ne4 {[%clk 0:01:35]} 18. Nxe4
{[%clk 0:01:35]} dxe4 {[%clk 0:01:30]} 19. Qh5 {[%clk 0:01:28]} Bf6
{[%clk 0:01:22]} 20. Rad1 {[%clk 0:01:28]} Qe8 {[%clk 0:01:18]} 21. h3
{[%clk 0:01:08]} Kh8 {[%clk 0:01:07]} 22. g4 {[%clk 0:01:08]} Rg8
{[%clk 0:01:07]} 23. Rf2 {[%clk 0:01:06]} Rg6 {[%clk 0:00:58]} 24. Rg2
{[%clk 0:01:04]} Qg8 {[%clk 0:00:38]} 25. Rdd2 {[%clk 0:01:05]} fxg4
{[%clk 0:00:37]} 26. hxg4 {[%clk 0:01:06]} Rd8 {[%clk 0:00:20]} 27. g5
{[%clk 0:01:03]} Bxd4 {[%clk 0:00:19]} 28. Rxd4 {[%clk 0:00:51]} Rxd4
{[%clk 0:00:20]} 29. cxd4 {[%clk 0:00:52]} Qc8 {[%clk 0:00:19]} 30. Qe2
{[%clk 0:00:25]} Bd5 {[%clk 0:00:17]} 31. Bd1 {[%clk 0:00:23]} Qc1 32. Qd2 Qxd2
{[%clk 0:00:11]} 33. Rxd2 {[%clk 0:00:25]} h6 {[%clk 0:00:13]} 34. Rh2
{[%clk 0:00:26]} Kg7 {[%clk 0:00:14]} 35. Bh5 {[%clk 0:00:27]} hxg5
{[%clk 0:00:10]} 36. Bxg6 {[%clk 0:00:28]} Kxg6 {[%clk 0:00:11]} 37. Rg2 f6 38.
fxg5 {[%clk 0:00:26]} fxg5 {[%clk 0:00:14]} 39. Kf2 {[%clk 0:00:27]} b5
{[%clk 0:00:16]} 40. a5 {[%clk 0:00:28]} b4 {[%clk 0:00:17]} 41. Kg3
{[%clk 0:00:29]} b3 {[%clk 0:00:14]} 42. Rf2 {[%clk 0:00:30]} Bc4
{[%clk 0:00:09]} 43. Rf8 {[%clk 0:00:30]} Kg7 {[%clk 0:00:07]} 44. Rc8
{[%clk 0:00:29]} Bd3 {[%clk 0:00:08]} 45. Kg4 {[%clk 0:00:26]} Kf6
{[%clk 0:00:09]} 46. Rf8+ {[%clk 0:00:27]} Ke7 {[%clk 0:00:10]} 47. Rb8
{[%clk 0:00:27]} Bb5 {[%clk 0:00:08]} 48. Kxg5 Kd6 49. Kf4 {[%clk 0:00:27]} Kd5
{[%clk 0:00:11]} 50. Rc8 {[%clk 0:00:26]} Bc6 {[%clk 0:00:06]} 51. Rxc6
{[%clk 0:00:20]} Kxc6 {[%clk 0:00:08]} 52. Kxe4 {[%clk 0:00:21]} Kb5
{[%clk 0:00:09]} 53. d5 {[%clk 0:00:21]} exd5+ {[%clk 0:00:09]} 54. Kxd5
{[%clk 0:00:22]} Kxa5 {[%clk 0:00:11]} 55. e4 {[%clk 0:00:24]} Kb4
{[%clk 0:00:06]} 56. e5 a5 57. e6 {[%clk 0:00:26]} a4 {[%clk 0:00:09]} 58. e7
{[%clk 0:00:27]} a3 {[%clk 0:00:11]} 59. bxa3+ {[%clk 0:00:28]} Kxa3
{[%clk 0:00:12]} 60. e8=Q {[%clk 0:00:29]} b2 {[%clk 0:00:13]} 61. Qe3+
{[%clk 0:00:25]} Ka2 {[%clk 0:00:13]} 62. Qd2 {[%clk 0:00:25]} Kb3
{[%clk 0:00:14]} 63. Qd1+ {[%clk 0:00:25]} Ka2 {[%clk 0:00:15]} 64. Qa4+
{[%clk 0:00:26]} Kb1 {[%clk 0:00:16]} 65. Kd4 {[%clk 0:00:25]} Kc1
{[%clk 0:00:17]} 66. Qa3 {[%clk 0:00:25]} Kc2 {[%clk 0:00:17]} 67. Qc3+
{[%clk 0:00:26]} Kb1 {[%clk 0:00:18]} 68. Kd3 {[%clk 0:00:26]} Ka2
{[%clk 0:00:17]} 69. Qa5+ {[%clk 0:00:27]} Kb3 {[%clk 0:00:18]} 70. Qb5+
{[%clk 0:00:27]} Ka3 {[%clk 0:00:18]} 71. Kc2 {[%clk 0:00:26]} b1=Q+
{[%clk 0:00:17]} 72. Qxb1 1/2-1/2

[Event "Blitz 2018"]
[Site "Saint-Petersburg"]
[Date "2018.12.30"]
[Round "15"]
[Board "56"]
[White "Gordievsky Dmitry (RUS)"]
[Black "Miton Kamil (POL)"]
[Result "1/2-1/2"]
[LiveChessVersion "1.4.8"]
[BlackElo "2520"]
[WhiteElo "2591"]

1. Nf3 {[%clk 0:03:02]} Nf6 {[%clk 0:03:02]} 2. g3 {[%clk 0:03:03]} d5
{[%clk 0:03:02]} 3. Bg2 {[%clk 0:03:03]} c6 {[%clk 0:03:02]} 4. c4
{[%clk 0:03:04]} Bg4 {[%clk 0:03:00]} 5. Ne5 {[%clk 0:03:04]} Be6
{[%clk 0:02:59]} 6. cxd5 {[%clk 0:03:04]} Bxd5 {[%clk 0:02:59]} 7. Nf3
{[%clk 0:03:05]} c5 {[%clk 0:02:51]} 8. Nc3 {[%clk 0:03:06]} Bc6 {[%clk 0:02:52]}
9. O-O {[%clk 0:03:05]} g6 {[%clk 0:02:46]} 10. Re1 {[%clk 0:03:00]} Bg7
{[%clk 0:02:45]} 11. e4 {[%clk 0:02:54]} O-O {[%clk 0:02:39]} 12. d4
{[%clk 0:02:50]} cxd4 {[%clk 0:02:27]} 13. Nxd4 {[%clk 0:02:50]} Nfd7
{[%clk 0:02:22]} 14. Be3 {[%clk 0:02:48]} Nb6 {[%clk 0:02:11]} 15. b3
{[%clk 0:02:12]} e5 {[%clk 0:02:11]} 16. Nxc6 {[%clk 0:02:10]} Nxc6
{[%clk 0:02:11]} 17. Bc5 {[%clk 0:02:00]} Qxd1 {[%clk 0:01:57]} 18. Rexd1
{[%clk 0:02:00]} Rfd8 {[%clk 0:01:54]} 19. Nb5 {[%clk 0:01:58]} Bf8
{[%clk 0:01:12]} 20. Be3 {[%clk 0:01:59]} Nd7 {[%clk 0:01:02]} 21. Nd6
{[%clk 0:01:45]} Bxd6 {[%clk 0:00:55]} 22. Rxd6 {[%clk 0:01:46]} Nf8
{[%clk 0:00:56]} 23. Rad1 {[%clk 0:01:31]} Ne6 {[%clk 0:00:54]} 24. Rxd8+
{[%clk 0:01:27]} Rxd8 {[%clk 0:00:54]} 25. Rxd8+ {[%clk 0:01:27]} Nexd8
{[%clk 0:00:55]} 26. Bh3 {[%clk 0:01:28]} b6 {[%clk 0:00:45]} 27. Kf1
{[%clk 0:01:16]} Kf8 {[%clk 0:00:45]} 28. Ke2 {[%clk 0:01:16]} Ke7
{[%clk 0:00:46]} 29. Kd2 {[%clk 0:01:16]} Ne6 {[%clk 0:00:46]} 30. Kc3
{[%clk 0:01:12]} Kd6 {[%clk 0:00:44]} 31. Bxe6 {[%clk 0:01:08]} fxe6
{[%clk 0:00:42]} 32. Kc4 {[%clk 0:01:07]} Kc7 {[%clk 0:00:25]} 33. b4
{[%clk 0:01:06]} Nb8 {[%clk 0:00:21]} 34. b5 {[%clk 0:01:05]} Nd7
{[%clk 0:00:20]} 35. f3 {[%clk 0:01:04]} Kd6 {[%clk 0:00:21]} 36. Bh6
{[%clk 0:01:00]} Kc7 {[%clk 0:00:21]} 37. Bd2 {[%clk 0:00:58]} Kd6
{[%clk 0:00:16]} 38. Bb4+ {[%clk 0:00:58]} Kc7 {[%clk 0:00:17]} 39. a4
{[%clk 0:00:55]} Kd8 {[%clk 0:00:14]} 40. Bd6 {[%clk 0:00:55]} Ke8
{[%clk 0:00:12]} 41. Kb4 {[%clk 0:00:54]} Kf7 {[%clk 0:00:12]} 42. a5
{[%clk 0:00:55]} Ke8 {[%clk 0:00:13]} 43. a6 {[%clk 0:00:50]} Kd8
{[%clk 0:00:14]} 44. Kc4 {[%clk 0:00:51]} Ke8 {[%clk 0:00:15]} 45. Kd3
{[%clk 0:00:51]} Kd8 {[%clk 0:00:16]} 46. Ke3 {[%clk 0:00:51]} Ke8
{[%clk 0:00:17]} 47. Kf2 {[%clk 0:00:44]} Kf7 {[%clk 0:00:18]} 48. Kg2
{[%clk 0:00:44]} Ke8 {[%clk 0:00:19]} 49. Kf2 {[%clk 0:00:39]} Kf7
{[%clk 0:00:21]} 50. Kg2 {[%clk 0:00:35]} Kf6 {[%clk 0:00:20]} 51. Kh3
{[%clk 0:00:33]} g5 {[%clk 0:00:20]} 52. Kg2 {[%clk 0:00:31]} Kg6
{[%clk 0:00:21]} 53. Kf2 {[%clk 0:00:30]} h5 {[%clk 0:00:22]} 54. Ke3
{[%clk 0:00:29]} Kf6 {[%clk 0:00:24]} 55. f4 {[%clk 0:00:28]} exf4+
{[%clk 0:00:07]} 56. gxf4 g4 57. h3 {[%clk 0:00:25]} gxh3 {[%clk 0:00:06]} 58.
Kf2 {[%clk 0:00:26]} e5 {[%clk 0:00:07]} 59. f5 {[%clk 0:00:23]} Kg5
{[%clk 0:00:08]} 60. Kg3 {[%clk 0:00:24]} h2 {[%clk 0:00:09]} 61. Kxh2
{[%clk 0:00:24]} Kf4 {[%clk 0:00:11]} 62. Be7 {[%clk 0:00:22]} Kxe4
{[%clk 0:00:09]} 63. f6 {[%clk 0:00:23]} Kd5 {[%clk 0:00:10]} 64. f7
{[%clk 0:00:22]} Kc4 {[%clk 0:00:11]} 65. Kh3 {[%clk 0:00:18]} Kxb5
{[%clk 0:00:12]} 66. Kh4 {[%clk 0:00:20]} e4 {[%clk 0:00:13]} 67. Kxh5
{[%clk 0:00:20]} e3 {[%clk 0:00:14]} 68. Bh4 {[%clk 0:00:18]} Kxa6
{[%clk 0:00:14]} 69. Kg5 {[%clk 0:00:19]} Kb7 {[%clk 0:00:13]} 70. Kf4
{[%clk 0:00:16]} e2 {[%clk 0:00:13]} 71. Ke3 {[%clk 0:00:17]} Kc6
{[%clk 0:00:14]} 72. Kxe2 {[%clk 0:00:16]} Kd6 {[%clk 0:00:15]} 73. Kd3
{[%clk 0:00:16]} Ke6 {[%clk 0:00:16]} 74. Kc4 {[%clk 0:00:17]} a6
{[%clk 0:00:11]} 75. Kb4 {[%clk 0:00:18]} Kxf7 {[%clk 0:00:12]} 76. Bf2
{[%clk 0:00:19]} a5+ {[%clk 0:00:06]} 77. Kb5 {[%clk 0:00:20]} Ke6
{[%clk 0:00:08]} 78. Be1 {[%clk 0:00:22]} Kd5 {[%clk 0:00:06]} 79. Bxa5
{[%clk 0:00:22]} Ke5 1/2-1/2

[Event "Blitz 2018"]
[Site "Saint-Petersburg"]
[Date "2018.12.30"]
[Round "15"]
[Board "57"]
[White "Potapov Pavel (RUS)"]
[Black "Timofeev Artyom (RUS)"]
[Result "0-1"]
[LiveChessVersion "1.4.8"]
[BlackElo "2568"]
[WhiteElo "2542"]

1. e4 {[%clk 0:03:03]} d6 {[%clk 0:03:03]} 2. d4 {[%clk 0:03:03]} Nf6
{[%clk 0:03:04]} 3. Nc3 {[%clk 0:03:03]} g6 {[%clk 0:03:05]} 4. f4
{[%clk 0:03:04]} Bg7 {[%clk 0:03:06]} 5. Nf3 {[%clk 0:03:04]} O-O
{[%clk 0:03:05]} 6. Be2 {[%clk 0:03:04]} c5 {[%clk 0:02:58]} 7. dxc5
{[%clk 0:03:03]} Qa5 {[%clk 0:02:59]} 8. O-O {[%clk 0:02:14]} Qxc5+
{[%clk 0:02:59]} 9. Kh1 {[%clk 0:02:14]} Ng4 {[%clk 0:02:59]} 10. Qe1
{[%clk 0:02:04]} Ne3 {[%clk 0:02:49]} 11. Bxe3 {[%clk 0:02:04]} Qxe3
{[%clk 0:02:49]} 12. Bd3 {[%clk 0:01:45]} Qxe1 {[%clk 0:02:42]} 13. Raxe1
{[%clk 0:01:46]} Nc6 {[%clk 0:02:37]} 14. e5 {[%clk 0:01:40]} dxe5
{[%clk 0:02:38]} 15. Nxe5 {[%clk 0:01:27]} Nxe5 {[%clk 0:02:26]} 16. fxe5
{[%clk 0:01:28]} Be6 {[%clk 0:02:27]} 17. Nb5 {[%clk 0:01:11]} Rfc8
{[%clk 0:02:12]} 18. b3 {[%clk 0:01:01]} Rc5 {[%clk 0:01:53]} 19. Nd4
{[%clk 0:01:01]} Bc8 {[%clk 0:01:33]} 20. Bc4 {[%clk 0:00:57]} e6
{[%clk 0:01:34]} 21. Nf3 {[%clk 0:00:58]} b5 {[%clk 0:01:30]} 22. Bd3
{[%clk 0:00:58]} Bb7 {[%clk 0:01:29]} 23. Ng5 {[%clk 0:00:40]} Rf8
{[%clk 0:01:26]} 24. Ne4 {[%clk 0:00:39]} Bxe4 {[%clk 0:01:02]} 25. Rxe4
{[%clk 0:00:40]} Bxe5 {[%clk 0:01:03]} 26. a4 {[%clk 0:00:39]} bxa4
{[%clk 0:00:53]} 27. Rxa4 {[%clk 0:00:32]} a5 {[%clk 0:00:54]} 28. g3
{[%clk 0:00:32]} Kg7 {[%clk 0:00:55]} 29. Kg2 {[%clk 0:00:32]} Rd8
{[%clk 0:00:53]} 30. b4 {[%clk 0:00:27]} axb4 {[%clk 0:00:50]} 31. Rxb4
{[%clk 0:00:28]} Rd7 {[%clk 0:00:46]} 32. Rfb1 {[%clk 0:00:26]} Rcc7
{[%clk 0:00:43]} 33. h4 {[%clk 0:00:23]} h5 {[%clk 0:00:41]} 34. g4
{[%clk 0:00:24]} hxg4 {[%clk 0:00:41]} 35. Rxg4 {[%clk 0:00:23]} Rd4
{[%clk 0:00:39]} 36. Rxd4 {[%clk 0:00:20]} Bxd4 {[%clk 0:00:40]} 37. h5
{[%clk 0:00:16]} gxh5 {[%clk 0:00:40]} 38. Rh1 {[%clk 0:00:14]} Rc5
{[%clk 0:00:41]} 39. Kf3 {[%clk 0:00:15]} Rg5 {[%clk 0:00:28]} 40. c4
{[%clk 0:00:14]} f5 {[%clk 0:00:26]} 41. Rb1 {[%clk 0:00:07]} e5 {[%clk 0:00:23]}
42. Rb7+ {[%clk 0:00:08]} Kf6 {[%clk 0:00:24]} 43. Bf1 {[%clk 0:00:08]} e4+
{[%clk 0:00:24]} 44. Ke2 {[%clk 0:00:09]} Rg3 {[%clk 0:00:23]} 45. Rd7
{[%clk 0:00:09]} Be5 {[%clk 0:00:19]} 46. Kd2 {[%clk 0:00:09]} Bf4+
{[%clk 0:00:14]} 47. Kc2 {[%clk 0:00:09]} Rf3 {[%clk 0:00:15]} 48. Be2
{[%clk 0:00:09]} Rf2 {[%clk 0:00:16]} 49. Kd1 {[%clk 0:00:10]} h4
{[%clk 0:00:17]} 50. c5 {[%clk 0:00:11]} h3 {[%clk 0:00:17]} 51. c6
{[%clk 0:00:11]} h2 {[%clk 0:00:18]} 52. Rh7 {[%clk 0:00:11]} Rg2
{[%clk 0:00:19]} 53. Bc4 {[%clk 0:00:06]} Rg1+ 0-1

[Event "Blitz 2018"]
[Site "Saint-Petersburg"]
[Date "2018.12.30"]
[Round "15"]
[Board "58"]
[White "Ragger Markus (AUT)"]
[Black "Bocharov Dmitry (RUS)"]
[Result "1-0"]
[LiveChessVersion "1.4.8"]
[BlackElo "2517"]
[WhiteElo "2677"]

1. e4 {[%clk 0:03:03]} c5 {[%clk 0:03:00]} 2. Nf3 {[%clk 0:03:04]} d6
{[%clk 0:03:02]} 3. d4 {[%clk 0:03:05]} cxd4 {[%clk 0:03:02]} 4. Nxd4
{[%clk 0:03:07]} Nf6 {[%clk 0:03:02]} 5. Nc3 {[%clk 0:03:08]} Nc6
{[%clk 0:03:03]} 6. g3 {[%clk 0:03:07]} g6 {[%clk 0:02:56]} 7. Nxc6
{[%clk 0:03:08]} bxc6 {[%clk 0:02:56]} 8. Bg2 {[%clk 0:03:09]} Bg4
{[%clk 0:02:53]} 9. Qd2 {[%clk 0:03:07]} Bg7 {[%clk 0:02:51]} 10. e5
{[%clk 0:02:59]} dxe5 {[%clk 0:02:51]} 11. Bxc6+ {[%clk 0:02:55]} Bd7
{[%clk 0:02:52]} 12. Bg2 {[%clk 0:02:46]} O-O {[%clk 0:02:50]} 13. O-O
{[%clk 0:02:46]} Rc8 {[%clk 0:02:52]} 14. Rd1 {[%clk 0:02:34]} Qc7
{[%clk 0:02:38]} 15. Qe2 {[%clk 0:02:25]} Bg4 {[%clk 0:02:33]} 16. Bf3
{[%clk 0:02:26]} Bf5 {[%clk 0:02:14]} 17. Be3 {[%clk 0:02:24]} e4
{[%clk 0:02:10]} 18. Bg2 {[%clk 0:02:12]} Bg4 {[%clk 0:02:10]} 19. f3
{[%clk 0:02:13]} exf3 {[%clk 0:02:09]} 20. Bxf3 {[%clk 0:02:13]} Bf5
{[%clk 0:02:01]} 21. Rd2 {[%clk 0:02:12]} Qb8 {[%clk 0:01:58]} 22. Bd4
{[%clk 0:01:56]} Rfd8 {[%clk 0:01:48]} 23. Rad1 {[%clk 0:01:56]} h5
{[%clk 0:01:41]} 24. Kg2 {[%clk 0:01:55]} Re8 {[%clk 0:01:21]} 25. Nb5
{[%clk 0:01:43]} a6 {[%clk 0:01:06]} 26. Na7 {[%clk 0:01:44]} e5 {[%clk 0:01:07]}
27. Nc6 {[%clk 0:01:34]} Rxc6 {[%clk 0:00:49]} 28. Bxc6 {[%clk 0:01:33]} exd4
{[%clk 0:00:50]} 29. Bxe8 {[%clk 0:01:24]} Nxe8 {[%clk 0:00:50]} 30. Rxd4
{[%clk 0:01:19]} Bxd4 {[%clk 0:00:49]} 31. Rxd4 {[%clk 0:01:20]} Nf6
{[%clk 0:00:47]} 32. Qd2 {[%clk 0:01:12]} Qxb2 {[%clk 0:00:41]} 33. c4
{[%clk 0:01:11]} Qb7+ {[%clk 0:00:39]} 34. Kg1 {[%clk 0:01:10]} Ne4
{[%clk 0:00:37]} 35. Rd8+ {[%clk 0:01:04]} Kh7 {[%clk 0:00:38]} 36. Qd4
{[%clk 0:00:58]} Qb1+ {[%clk 0:00:38]} 37. Qd1 {[%clk 0:01:00]} Qxa2
{[%clk 0:00:34]} 38. Qd4 {[%clk 0:00:58]} Qb1+ {[%clk 0:00:34]} 39. Kg2
{[%clk 0:00:55]} Qc2+ {[%clk 0:00:32]} 40. Kg1 {[%clk 0:00:41]} f6
{[%clk 0:00:21]} 41. Qa7+ {[%clk 0:00:40]} Kh6 {[%clk 0:00:22]} 42. Rh8+
{[%clk 0:00:36]} Kg5 {[%clk 0:00:23]} 43. Qe3+ {[%clk 0:00:37]} Kg4
{[%clk 0:00:22]} 44. Qf4+ {[%clk 0:00:37]} 1-0

[Event "Blitz 2018"]
[Site "Saint-Petersburg"]
[Date "2018.12.30"]
[Round "15"]
[Board "59"]
[White "Khismatullin Denis (RUS)"]
[Black "Zubritskiy Artyom (RUS)"]
[Result "1-0"]
[LiveChessVersion "1.4.8"]
[BlackElo "2513"]
[WhiteElo "2674"]

1. b3 {[%clk 0:02:50]} e5 {[%clk 0:03:03]} 2. Bb2 {[%clk 0:02:51]} Nc6
{[%clk 0:03:04]} 3. e3 {[%clk 0:02:52]} Nf6 {[%clk 0:03:05]} 4. c4
{[%clk 0:02:54]} g6 {[%clk 0:02:51]} 5. Nf3 {[%clk 0:02:54]} d6 {[%clk 0:02:51]}
6. d4 {[%clk 0:02:55]} Bg7 {[%clk 0:02:48]} 7. dxe5 {[%clk 0:02:55]} Ng4
{[%clk 0:02:48]} 8. Nc3 {[%clk 0:02:57]} Ngxe5 {[%clk 0:02:49]} 9. Be2
{[%clk 0:02:58]} O-O {[%clk 0:02:49]} 10. O-O {[%clk 0:02:58]} Re8
{[%clk 0:02:48]} 11. Qd2 {[%clk 0:02:59]} Be6 {[%clk 0:01:42]} 12. Rfd1
{[%clk 0:02:58]} Qe7 {[%clk 0:01:24]} 13. Rac1 {[%clk 0:02:55]} Rac8
{[%clk 0:01:09]} 14. Nd5 {[%clk 0:02:52]} Bxd5 {[%clk 0:01:09]} 15. cxd5
{[%clk 0:02:53]} Nxf3+ {[%clk 0:01:08]} 16. Bxf3 {[%clk 0:02:52]} Bxb2
{[%clk 0:01:07]} 17. Qxb2 {[%clk 0:02:51]} Ne5 {[%clk 0:01:08]} 18. Be2
{[%clk 0:02:52]} f5 {[%clk 0:01:05]} 19. b4 {[%clk 0:02:39]} Qf6 {[%clk 0:00:52]}
20. Qd4 {[%clk 0:02:39]} a6 {[%clk 0:00:50]} 21. Rc2 {[%clk 0:02:35]} Re7
{[%clk 0:00:43]} 22. Rdc1 {[%clk 0:02:35]} g5 {[%clk 0:00:31]} 23. g3
{[%clk 0:02:26]} f4 {[%clk 0:00:07]} 24. gxf4 {[%clk 0:02:12]} gxf4
{[%clk 0:00:08]} 25. Qxf4 {[%clk 0:02:13]} Rg7+ {[%clk 0:00:09]} 26. Kh1
{[%clk 0:01:42]} Qg6 {[%clk 0:00:10]} 27. Qg3 {[%clk 0:01:26]} Qe4+
{[%clk 0:00:11]} 28. f3 {[%clk 0:01:25]} Qxe3 {[%clk 0:00:07]} 29. Qh3
{[%clk 0:01:21]} Rf8 {[%clk 0:00:09]} 30. Rxc7 {[%clk 0:01:17]} Qxe2
{[%clk 0:00:05]} 31. Qe6+ {[%clk 0:00:51]} Kh8 {[%clk 0:00:06]} 32. Rxg7
{[%clk 0:00:49]} Kxg7 {[%clk 0:00:07]} 33. Qe7+ {[%clk 0:00:42]} Rf7
{[%clk 0:00:05]} 34. Rg1+ {[%clk 0:00:43]} 1-0

[Event "Blitz 2018"]
[Site "Saint-Petersburg"]
[Date "2018.12.30"]
[Round "15"]
[Board "60"]
[White "Alekseenko Kirill (RUS)"]
[Black "Vishnu Prasanna. V (IND)"]
[Result "1-0"]
[LiveChessVersion "1.4.8"]
[BlackElo "2519"]
[WhiteElo "2665"]

1. d4 {[%clk 0:03:03]} Nf6 {[%clk 0:03:03]} 2. Nc3 {[%clk 0:03:04]} d5
{[%clk 0:03:03]} 3. Bf4 {[%clk 0:03:05]} g6 {[%clk 0:03:04]} 4. e3
{[%clk 0:03:04]} Bg7 {[%clk 0:03:05]} 5. Nb5 {[%clk 0:03:04]} Na6
{[%clk 0:03:05]} 6. h3 {[%clk 0:03:05]} O-O {[%clk 0:03:04]} 7. Nf3
{[%clk 0:03:05]} c6 {[%clk 0:03:03]} 8. Nc3 {[%clk 0:03:05]} Nb8 {[%clk 0:03:00]}
9. Be2 {[%clk 0:03:01]} Bf5 {[%clk 0:03:00]} 10. Ne5 {[%clk 0:02:58]} Nbd7
{[%clk 0:02:57]} 11. g4 {[%clk 0:02:52]} Be6 {[%clk 0:02:58]} 12. h4
{[%clk 0:02:52]} Ne4 {[%clk 0:02:52]} 13. Nxe4 {[%clk 0:02:36]} dxe4
{[%clk 0:02:52]} 14. Nxd7 {[%clk 0:02:34]} Qxd7 {[%clk 0:02:52]} 15. h5
{[%clk 0:02:29]} c5 {[%clk 0:02:28]} 16. c3 {[%clk 0:02:30]} Rac8
{[%clk 0:02:29]} 17. Kf1 {[%clk 0:02:18]} b5 {[%clk 0:02:22]} 18. Kg2
{[%clk 0:02:13]} cxd4 {[%clk 0:02:13]} 19. cxd4 {[%clk 0:02:14]} Bc4
{[%clk 0:02:13]} 20. b3 {[%clk 0:01:54]} Bxe2 {[%clk 0:02:06]} 21. Qxe2
{[%clk 0:01:55]} Qd5 {[%clk 0:01:49]} 22. Rac1 {[%clk 0:01:37]} g5
{[%clk 0:01:45]} 23. Bg3 {[%clk 0:01:37]} h6 {[%clk 0:01:46]} 24. Rhd1
{[%clk 0:01:08]} f5 {[%clk 0:01:42]} 25. gxf5 {[%clk 0:01:02]} Qxf5
{[%clk 0:01:42]} 26. Rxc8 {[%clk 0:01:00]} Rxc8 {[%clk 0:01:43]} 27. d5
{[%clk 0:01:01]} a6 {[%clk 0:01:38]} 28. d6 {[%clk 0:01:01]} exd6
{[%clk 0:01:39]} 29. Rxd6 {[%clk 0:01:01]} Rc1 {[%clk 0:01:25]} 30. Rg6
{[%clk 0:00:41]} Kh7 {[%clk 0:01:20]} 31. Rxg7+ {[%clk 0:00:41]} Kxg7
{[%clk 0:01:17]} 32. Qb2+ {[%clk 0:00:42]} Kh7 {[%clk 0:01:14]} 33. Qxc1
{[%clk 0:00:43]} Qf3+ {[%clk 0:01:15]} 34. Kg1 {[%clk 0:00:43]} Qxh5
{[%clk 0:01:15]} 35. Qc7+ {[%clk 0:00:44]} Kg8 {[%clk 0:01:16]} 36. Qc8+
{[%clk 0:00:42]} Kh7 {[%clk 0:01:17]} 37. Qb7+ {[%clk 0:00:43]} Kg8
{[%clk 0:01:18]} 38. Qd5+ {[%clk 0:00:38]} Kf8 {[%clk 0:01:18]} 39. Bd6+
{[%clk 0:00:38]} 1-0